000 00287nam a22001337a 4500
008 170622b xxu||||| |||| 00| 0 eng d
020 _a0813376270
041 _aeng
080 _a32
100 _a20
101 _aSHP
245 _aTHE ORDEAL OF HEGEMONY
_cPOITRAS,G
942 _2udc
_cBK
999 _c18602
_d18602